skbl

Dr Suryya Kumar Bhuyan Library Web-OPAC
ডঃ সূৰ্য্য
কুমাৰ ভূঞা পুথিভঁৰাল ৱেব-অ'পেক

All Research Scholars are advised to clear the annual library fees to continue using Library Resources, Remote Access, Plagiarism Test and Library Clearance.

Cotton University Book Fair 2026

The Neo-Vaisnative Movement and the Satra Institution of Assam / (Record no. 40575)

MARC details
000 -LEADER
fixed length control field 00586nam a2200193Ia 4500
001 - CONTROL NUMBER
control field 40604
008 - FIXED-LENGTH DATA ELEMENTS--GENERAL INFORMATION
fixed length control field 131104s1999 ii g b000 u 465 u
082 ## - DEWEY DECIMAL CLASSIFICATION NUMBER
Classification number 891.4109
-- 891.414
100 ## - MAIN ENTRY--PERSONAL NAME
Personal name Sarma, Satyendra Nath .
245 #0 - TITLE STATEMENT
Title The Neo-Vaisnative Movement and the Satra Institution of Assam /
Statement of responsibility, etc. Satyendra Nath Sarma.
Medium Textual Documents
250 ## - EDITION STATEMENT
Edition statement 1st ed /
260 ## - PUBLICATION, DISTRIBUTION, ETC.
Place of publication, distribution, etc. Guwahati :
Name of publisher, distributor, etc. Lawyer`s Books Stall ,
Date of publication, distribution, etc. 1999.
653 ## - INDEX TERM--UNCONTROLLED
Uncontrolled term Assamese literatuure
653 ## - INDEX TERM--UNCONTROLLED
Uncontrolled term Neo-vaisnative Movement
653 ## - INDEX TERM--UNCONTROLLED
Uncontrolled term Satras
653 ## - INDEX TERM--UNCONTROLLED
Uncontrolled term G-Assamese
653 ## - INDEX TERM--UNCONTROLLED
Uncontrolled term T/G-Assamese
942 ## - ADDED ENTRY ELEMENTS (KOHA)
Source of classification or shelving scheme Dewey Decimal Classification
Koha item type Books
Holdings
Withdrawn status Lost status Damaged status Not for loan Collection Home library Current library Shelving location Date acquired Coded location qualifier Cost, normal purchase price Total checkouts Full call number Barcode Date due Date last seen Date last checked out Copy number Price effective from Koha item type
          Dr. Suryya Kumar Bhuyan Library Dr. Suryya Kumar Bhuyan Library   01/02/2012 00000 350.00 1 891.4109 Sa 74 Ne 4388/As 18/05/2026 24/04/2026 24/04/2026 2 01/02/2012 Books
          Dr. Suryya Kumar Bhuyan Library Dr. Suryya Kumar Bhuyan Library   01/02/2012 00000     891.4109 Sa 74 Ne 316/Hist   14/01/2024   1 01/02/2012 Books

Designed and Maintained by Team SKBL
©1901-2026

Powered by Koha